| 000 | 01624nam0a2200397 4500 | ||
|---|---|---|---|
| 001 | RU\NLR\bibl\365579 | ||
| 005 | 20260406012352.0 | ||
| 010 |
_a(В пер.) _bВ пер. _91000 |
||
| 021 |
_aRU _b2002-57731 _92807 |
||
| 035 | _a(NLR Aleph) 000360150 | ||
| 090 |
_a330563 _c330563 |
||
| 100 | _a20030206d2002 |||y0rusy50 ca | ||
| 101 | 0 | _arus | |
| 102 | _aRU | ||
| 105 | _aa ||||||||| | ||
| 200 | 1 |
_aДважды двадцать, или 40 счастливых лет _eРадиостанция "Юность" [1962/2002 _fН. Киселева, М. Кусургашев] |
|
| 210 |
_aМ. _cРадиостанция "Юность" _d2002 |
||
| 215 |
_a224 с. _cил. _d26 |
||
| 300 | _aАвт. указаны на обороте тит. л. | ||
| 517 | 0 | _a40 счастливых лет | |
| 601 | 0 | 2 |
_a"Юность", радиостанция _cРФ _2psbo |
| 606 | 0 |
_aРадиопередачи для молодежи _yСССР _92275893 _3RU\NLR\auth\661363855 |
|
| 610 | 0 | _aРадиостанции - История | |
| 675 |
_a070:654.19(091) _v3 _zrus |
||
| 686 |
_a19.41 _2rugasnti |
||
| 686 |
_a76.031 _2rubbk |
||
| 686 | _aЧ631.145 | ||
| 686 | _aЧ631.3(2) | ||
| 700 | 1 |
_4070 _8rus _7ca _aКиселева _bН. Н. _cжурналист _f1939- _gНаталья Николаевна _3RU\NLR\auth\77117867 _9100792 |
|
| 701 | 1 |
_4070 _8rus _7ca _aКусургашев _bМ.Д. _f1930-2002 _gМаксим Дмитриевич _3RU\NLR\auth\7724719 _97769 |
|
| 801 | 0 |
_aRU _bRKP _c20030206 _gPSBO |
|
| 801 | 1 |
_aRU _bRKP _c20030206 |
|
| 801 | 2 |
_aRU _bNLR _c20121203 _grcr |
|
| 942 | _cBOOK | ||
| 980 | _aNB | ||